|
|
|
|
| LEADER |
00681nam a2200217Ia 4500 |
| 001 |
CTU_128307 |
| 008 |
210402s9999 xx 000 0 und d |
| 020 |
|
|
|c 160000
|
| 082 |
|
|
|a 951.95
|
| 082 |
|
|
|b V422
|
| 100 |
|
|
|a Vegdahl, Sonja Bernice.
|
| 245 |
|
0 |
|a Culture shock! :
|
| 245 |
|
0 |
|b Korea : A survival guide to customs and etiquette
|
| 245 |
|
0 |
|c Sonja Vegdahl and Ben Seunghwa Hur.
|
| 260 |
|
|
|a Singapore
|
| 260 |
|
|
|b Marshall Cavendish
|
| 260 |
|
|
|c 2005
|
| 650 |
|
|
|a Korea ( South ),Korea ( Nam )
|
| 650 |
|
|
|x Social life and customs.,Phong tục và đời sống xã hội
|
| 904 |
|
|
|i Minh
|
| 980 |
|
|
|a Trung tâm Học liệu Trường Đại học Cần Thơ
|